000 01046nam a22002777a 4500
005 2010082107027.0
010 _aENG-101230
020 _a8181770307
_c680.00
035 _aEN-84763
037 _bDBAD/PUB
082 _a582.130954
100 _aKarthikeyan, S.
_917043
245 _aFlowering plants of India dicotyledond /
_cby S. Karthikeyan , M. sanjappa [and] S. Moorthy
260 _aKolkata
_bBotanical Survey of India
_c2009
270 _aCGO Complex, 3rd MSO Building, DF Block 5th and 6th Floor, Salt Lake City
_bKolkata
_e700064
300 _av.1 (li,365p.)
_c29cm (Hb)
_ephotos
490 _aFlora of India Series 4
_917044
500 _aincludes index
505 _av.1- Acanthacae - Avicennaiceae
650 _aBotony
_917045
650 _zIndia
700 _aSanjappa, M.
_915791
700 _aMoorthy, S.
_915792
942 _2ddc
_cEN
_h582.130954
_mKAR
999 _c42810
_d42810